| 000 | 01268nam a2200313 c 4500 | ||
|---|---|---|---|
| 003 | BLK | ||
| 005 | 20230908162558.0 | ||
| 008 | 180410b bul|||||r ||||||| ||bul|| | ||
| 010 | _aKNG00165032000 | ||
| 040 | _aBLK | ||
| 041 |
_aBUL _cBUL |
||
| 080 |
_aАнглийска литература _b821.111 _x-31 _z821.111-31 |
||
| 100 | 1 |
_aРид, Томас Майн _d1818-1883 _eпърви автор _9365222 |
|
| 700 | 1 |
_aПаскалев, Александър Михайлов _eпрев. _9381422 |
|
| 139 |
_aРид, Томас Майн _bР 59 |
||
| 245 | 1 | 0 |
_aЛовци на скалпове _cТомас Майн Рид; прев. Александър Михайлов Паскалев. |
| 250 | _a2. осъвр. изд. | ||
| 257 | _aGBR | ||
| 260 |
_аСофия _bАбагар-МК'90 _c1991 _fСофия : Балканпрес |
||
| 300 |
_a158 с. _c20 см |
||
| 380 | _aX | ||
| 500 | _aОриг. загл. The Scalp-Hunter / Thomas Mayne Reid. - 1. изд. 1946 на изд. Слънце. - Офс. изд. | ||
| 852 | _aЦб 165522 | ||
| 856 | 4 |
_qpdf _u |
|
| 856 | 4 |
_qpdf _u |
|
| 942 |
_cKNG _n0 _01 |
||
| 944 |
_aCR _c19.09.2014 _lИва Цветкова _k30543 |
||
| 944 |
_aED _c03.10.2017 _lф / _kГеновева_Генчева |
||
| 999 |
_c158064 _d158064 |
||